[Event "AUTO-ADV-3361"]
[Site "http://www.queenalice.com/game.php?id=1343404"]
[Date "2015.2.22"]
[Round "1"]
[White "bestb40409"]
[Black "vincenzo"]
[Result "1-0"]
[WhiteElo "1920"]
[BlackElo "1707"]

1. e4 e5 2. Nf3 f6 3. Bc4 Bc5 4. c3 Nc6 5. d4 d5 6. exd5 Na5 7. Qa4+ Bd7 8. Qxa5
b6 9. Qa6 Ne7 10. dxc5 bxc5 11. Bb3 e4 12. Nfd2 f5 13. O-O c6 14. dxc6 Bxc6 15.
Qe2 Nd5 16. Bxd5 Bxd5 17. Nb3 Qe7 18. Be3 c4 19. N3d2 Rb8 20. b4 O-O 21. Nxc4
Rfc8 22. Nbd2 Qf7 23. Nd6 Qd7 24. Nxc8 Rxc8 25. c4 Be6 26. a3 Qf7 27. c5 a5 28.
Rfc1 axb4 29. axb4 g6 30. Nc4 Qf6 31. Nd6 Rd8 32. Rd1 Bb3 33. Rd2 Qxa1+ 34. Rd1
Bxd1 35. Qc4+ Kg7 36. Bd4+ Qxd4 37. Qxd4+ 1-0

[Event "AUTO-ADV-3361"]
[Site "http://www.queenalice.com/game.php?id=1343405"]
[Date "2015.2.22"]
[Round "1"]
[White "vincenzo"]
[Black "bestb40409"]
[Result "0-1"]
[WhiteElo "1674"]
[BlackElo "1947"]

1. d4 d5 2. e3 Nf6 3. Nf3 c5 4. Ne5 e6 5. c3 Nc6 6. Bb5 Qb6 7. Ba4 cxd4 8. cxd4
Bd6 9. Nc3 O-O 10. O-O Nxe5 11. dxe5 Bxe5 12. Ne2 Bd7 13. Bxd7 Nxd7 14. f4 Bd6
15. Ng3 Bxf4 16. Nh5 Bxe3+ 17. Kh1 Rac8 18. Bd2 Ne5 19. Bxe3 Qxe3 20. Re1 Qg5
21. Ng3 Ng4 22. Kg1 Qh4 23. h3 Nf6 24. Ne2 Ne4 25. Qd4 b6 26. Nc3 Rc4 27. Qe5
Re8 28. b3 Rxc3 29. Rac1 Qf2+ 30. Kh2 f6 31. Rf1 fxe5 0-1

[Event "Challenge"]
[Site "http://www.queenalice.com/game.php?id=1347237"]
[Date "2015.3.13"]
[Round "-"]
[White "bestb40409"]
[Black "burt_loml"]
[Result "0-1"]
[WhiteElo "1929"]
[BlackElo "1801"]

1. e4 e6 2. d4 d5 3. Nd2 c5 4. exd5 Qxd5 5. Bc4 Qxd4 6. Ngf3 Qd7 7. O-O Nf6 8.
Nb3 b5 9. Ne5 Qxd1 10. Rxd1 bxc4 11. Nxc4 Nc6 12. Be3 Nd7 13. Nd6+ Bxd6 14. Rxd6
Nce5 15. Nxc5 Nc4 16. Rd4 Nxe3 0-1

[Event "AUTO-OPEN-3319"]
[Site "http://www.queenalice.com/game.php?id=1348726"]
[Date "2015.3.20"]
[Round "2"]
[White "Eduardomoreto67"]
[Black "bestb40409"]
[Result "1-0"]
[WhiteElo "2163"]
[BlackElo "1946"]

1. d4 d5 2. c4 c6 3. Nf3 Nf6 4. Bg5 Ne4 5. cxd5 cxd5 6. Nc3 Qa5 7. Qa4+ Nc6 8.
Qxa5 Nxa5 9. Nxd5 Kd7 10. e3 Rb8 11. Bf4 Nc6 12. Bxb8 Nxb8 13. Bb5+ Kd6 14. Nc3
Bf5 15. Nxe4+ Bxe4 16. Ng5 Bg6 17. O-O f6 18. Nf3 a6 19. Ba4 b5 20. Bb3 Nd7 21.
Rac1 Nb6 22. Nd2 Bd3 23. Rfe1 g6 24. Bc2 Bc4 25. Nxc4+ Nxc4 26. b3 Nb6 27. Be4
Kd7 28. Bb7 a5 29. e4 Bh6 30. Rc6 Rb8 31. Rxb6 Kc7 32. Rxb5 Bd2 33. Re2 Bb4 34.
Rc2+ 1-0

[Event "AUTO-OPEN-3319"]
[Site "http://www.queenalice.com/game.php?id=1348727"]
[Date "2015.3.20"]
[Round "2"]
[White "bestb40409"]
[Black "Eduardomoreto67"]
[Result "1/2-1/2"]
[WhiteElo "1939"]
[BlackElo "2169"]

1. e4 c5 2. Nf3 Nc6 3. d4 cxd4 4. Nxd4 Nf6 5. Nc3 e5 6. Nb3 Be7 7. Be3 d6 8. Be2
O-O 9. O-O a6 10. a4 Bd7 11. Nd5 Nxe4 12. Bb6 Qb8 13. Re1 Bd8 14. a5 Bxb6 15.
Nxb6 Qc7 16. Nxa8 Rxa8 17. Bxa6 Nxf2 18. Qf3 Rxa6 19. Qxf2 Nxa5 20. Nxa5 Rxa5
21. Qd2 Rxa1 22. Rxa1 h6 23. Rd1 Qb6+ 24. Kh1 Qxb2 25. Qxd6 Bg4 26. Re1 Qxc2 27.
Qxe5 Bd7 28. h3 Bc6 29. Re2 Qg6 30. Kh2 b5 31. Rb2 b4 32. Qb8+ Kh7 33. Qxb4 Qf6
34. Qb3 Qe5+ 35. g3 Qe1 36. g4 Qe5+ 1/2-1/2

[Event "Capixaba789"]
[Site "http://www.queenalice.com/game.php?id=1352632"]
[Date "2015.4.9"]
[Round "3"]
[White "bestb40409"]
[Black "Gadou"]
[Result "1-0"]
[WhiteElo "1935"]
[BlackElo "1515"]

1. e4 e5 2. Nf3 f6 3. Bc4 Nh6 4. d3 Bb4+ 5. c3 Bc5 6. b4 Be7 7. O-O c6 8. Qb3 b5
9. Na3 bxc4 10. Nxc4 c5 11. bxc5 Bxc5 12. Nh4 Ng4 13. Be3 Qe7 14. Nf5 Qf8 15.
Bxc5 Qxc5 16. Ncd6+ Kd8 17. Nf7+ Kc7 18. Nxh8 Ba6 19. c4 Nc6 20. Nf7 g6 21. N5d6
Nd4 22. Qb2 Qb6 23. Qxb6+ axb6 24. Rab1 Ne2+ 25. Kh1 Nc3 26. Rb2 Rb8 27. Rc1 Na4
28. Rbb1 Nxf2+ 29. Kg1 Nxd3 30. Nb5+ Kc6 31. Rc2 Nab2 32. Rf1 Kc5 33. Rxf6 Nxc4
34. Nc7 Bb7 35. Nd5 Kd4 36. Nd6 Ne1 37. Rxc4+ Kd3 38. Kf2 Ba6 39. Nb4+ Kd2 40.
Nxa6 Ra8 41. Nb4 Ra3 42. Nb5 Ra4 43. Rd6+ Nd3+ 44. Rxd3# 1-0

[Event "AUTO-ADV-3229"]
[Site "http://www.queenalice.com/game.php?id=1355947"]
[Date "2015.4.26"]
[Round "2"]
[White "sphagnis"]
[Black "bestb40409"]
[Result "0-1"]
[WhiteElo "1682"]
[BlackElo "1929"]

1. e4 e6 2. e5 d5 3. d4 c5 4. c3 Nc6 5. Bb5 Bd7 6. Nf3 a6 7. Ba4 b5 8. Bb3 Nge7
9. dxc5 Nf5 10. Bf4 Bxc5 11. Be3 Nxe3 12. fxe3 Bxe3 13. Qe2 Bf4 14. Nbd2 Qc7 15.
g3 Bxe5 16. O-O O-O 17. Kg2 Bf6 18. Qe3 Ne7 19. Nd4 Nc6 20. Kf2 Nxd4 21. cxd4
Qb6 22. Kg2 Bxd4 23. Qd3 Be3 24. Nf3 Bc6 25. Ne5 d4+ 26. Nxc6 Qxc6+ 27. Rf3 g5
28. Re1 g4 29. Rf1 gxf3+ 30. Rxf3 e5 31. Bc2 f5 32. Qb3+ Kh8 33. Bd1 f4 34. Kh3
e4 35. Rxf4 Rxf4 36. gxf4 Qh6+ 37. Kg2 Rg8+ 38. Kh1 Rg1# 0-1

[Event "AUTO-ADV-3229"]
[Site "http://www.queenalice.com/game.php?id=1355948"]
[Date "2015.4.26"]
[Round "2"]
[White "bestb40409"]
[Black "sphagnis"]
[Result "0-1"]
[WhiteElo "1968"]
[BlackElo "1656"]

1. e4 e5 2. Nf3 Nc6 3. Bc4 Bc5 4. a3 d6 5. b4 Bd4 6. c3 Bb6 7. d4 Qf6 8. Bg5 Qg6
9. Qd2 Qxe4+ 10. Be3 exd4 11. cxd4 Nxd4 12. Be2 Nb3 13. Qb2 Nxa1 14. Qxa1 Bxe3
15. Qxg7 Bg4 16. O-O Bd4 17. Nxd4 Qe5 18. Qxg4 Nf6 19. Qh4 a6 20. Bf3 O-O-O 21.
Nd2 h6 22. Nc4 Qg5 23. Qh3+ Rd7 24. Rc1 Qxc1+ 0-1

[Event "AUTO-ADV-3229"]
[Site "http://www.queenalice.com/game.php?id=1355951"]
[Date "2015.4.26"]
[Round "2"]
[White "redrum"]
[Black "bestb40409"]
[Result "1-0"]
[WhiteElo "1940"]
[BlackElo "1945"]

1. d4 d5 2. Nf3 Nc6 3. Bf4 Nf6 4. e3 e6 5. Bg5 Be7 6. c3 O-O 7. Bd3 Ne4 8. Bxe7
Nxe7 9. Nbd2 f5 10. O-O Bd7 11. Ne5 Ng6 12. f4 Nxe5 13. fxe5 Qg5 14. Rf4 Be8 15.
Be2 Nxd2 16. Qxd2 Bh5 17. Bxh5 Qxh5 18. Qd1 Qh6 19. Qe2 g5 20. Rff1 Rf7 21. Rf2
Raf8 22. Raf1 g4 23. g3 Qg5 24. Rf4 h5 25. R1f2 Rh7 26. Qe1 Kg7 27. Qe2 h4 28.
Rg2 Rfh8 29. a4 hxg3 30. Rxg3 Qh4 31. Rg2 g3 32. Rxh4 1-0

[Event "AUTO-ADV-3229"]
[Site "http://www.queenalice.com/game.php?id=1355952"]
[Date "2015.4.26"]
[Round "2"]
[White "bestb40409"]
[Black "redrum"]
[Result "1-0"]
[WhiteElo "1937"]
[BlackElo "1945"]

1. e4 c6 2. Nc3 d5 3. d4 dxe4 4. Nxe4 Bf5 5. Ng3 Bg6 6. Nf3 Nd7 7. c4 e6 8. b3
Ngf6 9. Bb2 Bb4+ 10. Nd2 Qa5 11. a3 Bxd2+ 12. Qxd2 Qxd2+ 13. Kxd2 Ne4+ 14. Nxe4
Bxe4 15. f3 Bg6 16. Bd3 Bxd3 17. Kxd3 O-O-O 18. g3 f6 19. f4 Nc5+ 20. Kc2 Ne4
21. g4 f5 22. g5 Rhg8 23. Rhe1 g6 24. Re2 Rge8 25. h4 b6 26. Rd1 Rd7 27. Rd3 Kb7
28. Rh3 Kc8 29. h5 gxh5 30. Rg2 Rg8 31. Rxh5 Nf6 32. Rh4 Ng4 33. Rh3 Rg6 34. Kc3
h6 35. gxh6 Rxh6 36. Rxh6 Nxh6 37. Rg6 Ng4 38. Rxe6 Kc7 39. b4 Rh7 40. b5 Rh3+
41. Kb4 cxb5 42. cxb5 Kd7 43. d5 1-0

[Event "AUTO-MASTER-2156"]
[Site "http://www.queenalice.com/game.php?id=1357147"]
[Date "2015.5.3"]
[Round "2"]
[White "MarceloPadre"]
[Black "bestb40409"]
[Result "1-0"]
[WhiteElo "1960"]
[BlackElo "1872"]

1. d4 d5 2. c4 c6 3. Nc3 Nf6 4. e3 e6 5. Bd3 Qc7 6. Nf3 b6 7. O-O Bd6 8. Re1 O-O
9. e4 Bd7 10. e5 Be7 11. Bg5 dxc4 12. exf6 Bxf6 13. Bxf6 cxd3 14. Be5 Qd8 15.
Bxb8 Rxb8 16. Qxd3 a5 17. Rad1 Qc7 18. Ne5 Bc8 19. Re3 Rd8 20. Qe4 f6 21. Nf3
Bb7 22. Qxe6+ Kh8 23. Qe7 Qd7 24. Rde1 Qxe7 25. Rxe7 Kg8 26. Ne4 Kf8 27. Ng3 c5
28. Nf5 Bxf3 29. gxf3 cxd4 30. Rxg7 Rd5 31. Ne7 1-0

[Event "AUTO-MASTER-2156"]
[Site "http://www.queenalice.com/game.php?id=1357148"]
[Date "2015.5.3"]
[Round "2"]
[White "bestb40409"]
[Black "MarceloPadre"]
[Result "1-0"]
[WhiteElo "1948"]
[BlackElo "2051"]

1. e4 c6 2. d4 d5 3. e5 Bf5 4. Bd3 Bxd3 5. Qxd3 e6 6. Nf3 c5 7. b3 Nc6 8. c3
cxd4 9. cxd4 Bb4+ 10. Bd2 Nge7 11. O-O O-O 12. a3 Bxd2 13. Nbxd2 Rc8 14. Ng5 Nf5
15. f4 Nfxd4 16. Qxh7# 1-0

[Event "AUTO-MASTER-2156"]
[Site "http://www.queenalice.com/game.php?id=1357149"]
[Date "2015.5.3"]
[Round "2"]
[White "LAIRE"]
[Black "bestb40409"]
[Result "1-0"]
[WhiteElo "2226"]
[BlackElo "1964"]

1. d4 d5 2. c4 c6 3. Nf3 Nd7 4. cxd5 cxd5 5. Nc3 Ngf6 6. Bf4 e6 7. e3 Be7 8. Ne5
Nxe5 9. Bxe5 Bd6 10. Bb5+ Ke7 11. f4 a6 12. Bd3 Re8 13. Bxf6+ 1-0

[Event "AUTO-MASTER-2156"]
[Site "http://www.queenalice.com/game.php?id=1357150"]
[Date "2015.5.3"]
[Round "2"]
[White "bestb40409"]
[Black "LAIRE"]
[Result "0-1"]
[WhiteElo "1929"]
[BlackElo "2267"]

1. e4 e6 2. d4 d5 3. e5 c5 4. Nf3 Nc6 5. c3 Bd7 6. Be2 f6 7. O-O cxd4 8. cxd4
fxe5 9. dxe5 Nge7 10. Nc3 Ng6 11. Re1 Be7 12. Bd3 O-O 13. Bxg6 hxg6 14. Qd3 Be8
15. Bd2 Rf5 16. g4 Rf8 17. Kg2 Nb4 18. Qb1 d4 19. Ne4 Rc8 20. a3 Nc2 0-1

[Event "AUTO-ADV-3361"]
[Site "http://www.queenalice.com/game.php?id=1373477"]
[Date "2015.7.26"]
[Round "2"]
[White "Artking"]
[Black "bestb40409"]
[Result "1-0"]
[WhiteElo "2136"]
[BlackElo "1894"]

1. d4 d5 2. c4 c6 3. Nc3 Nf6 4. Nf3 Nbd7 5. e3 e6 6. Bd3 Bb4 7. O-O O-O 8. a3
Be7 9. b3 b6 10. Bb2 c5 11. Qc2 Bb7 12. Ne5 1-0

[Event "AUTO-ADV-3361"]
[Site "http://www.queenalice.com/game.php?id=1373478"]
[Date "2015.7.26"]
[Round "2"]
[White "bestb40409"]
[Black "Artking"]
[Result "0-1"]
[WhiteElo "1901"]
[BlackElo "2131"]

1. e4 b6 2. Nf3 Bb7 3. Nc3 e6 4. a3 Nf6 5. Bc4 Nxe4 6. Nxe4 Bxe4 7. d3 Bb7 8.
O-O d5 9. Ba2 Nd7 10. Re1 h6 11. Be3 c5 12. c3 Bd6 0-1

[Event "AUTO-ADV-3361"]
[Site "http://www.queenalice.com/game.php?id=1373479"]
[Date "2015.7.26"]
[Round "2"]
[White "rpalmero"]
[Black "bestb40409"]
[Result "1-0"]
[WhiteElo "1996"]
[BlackElo "1914"]

1. c4 e5 2. e3 Nf6 3. Nc3 Nc6 4. a3 a5 5. Qc2 d6 6. Nf3 g6 7. b3 Bf5 8. d3 Bg7
9. Bb2 O-O 10. h3 d5 11. cxd5 1-0

[Event "AUTO-ADV-3361"]
[Site "http://www.queenalice.com/game.php?id=1373480"]
[Date "2015.7.26"]
[Round "2"]
[White "bestb40409"]
[Black "rpalmero"]
[Result "0-1"]
[WhiteElo "1928"]
[BlackElo "1982"]

1. e4 c5 2. Nf3 e6 3. d4 cxd4 4. Nxd4 Nc6 5. Nb5 Qa5+ 6. Bd2 Bb4 7. c3 Be7 8.
N1a3 Bxa3 9. Nxa3 Nf6 10. Nc4 Qc5 11. Be3 Qe7 0-1

[Event "Capixaba789"]
[Site "http://www.queenalice.com/game.php?id=1375148"]
[Date "2015.8.2"]
[Round "4"]
[White "ztnilz"]
[Black "bestb40409"]
[Result "1-0"]
[WhiteElo "1868"]
[BlackElo "1894"]

1. e4 e6 2. d4 d5 3. exd5 exd5 4. Nf3 Nc6 5. Be2 Nf6 6. O-O Bd6 7. Nc3 O-O 8.
Re1 Bg4 9. Be3 Re8 10. a3 Ne4 11. Nxd5 1-0